00567nam a2200205Ia 4500003000900000008004100009040001300050040001300063041000800076100001800084100000800102245014100110250001300251260003400264260000900298300001100307300001200318490000600330600002500336IT-RoPAU120407s9999 xx 000 0 und d aIT-RoPAU cIT-RoPAU afra aBenoit Lavaud cop. aAntoine le grand, père des moines. Sa vie par S. Athanase et autres textes traduits et présentés par le père Benoit Lavaud, o.p. aFribourg aEd. Libr. de l’Université c1943 a171 p. c18,5 cm v1 a1. Antonio abate, s.